[Event "Madrid-chT 2425"]
[Site "Madrid"]
[Date "2025.02.16"]
[Round "10.5"]
[White "Candela Martin, Alvaro"]
[Black "Alarcia Astiz, Carlos"]
[Result "1/2-1/2"]
[WhiteElo "2015"]
[BlackElo "2252"]
[PlyCount "79"]
[GameId "2146430898785074"]
[EventDate "2024.11.24"]
[EventType "team-tourn"]
[EventRounds "14"]
[EventCountry "ESP"]
[SourceVersionDate "2011.03.15"]
[WhiteTeam "Alcala de Henares"]
[BlackTeam "Blanco y Negro"]
[WhiteTeamCountry "ESP"]
[BlackTeamCountry "ESP"]

1. e4 c6 2. d4 d5 3. exd5 cxd5 4. Bd3 Nc6 5. c3 g6 6. Bf4 Bg7 7. h3 Nf6 8. Nf3 O-O 9. O-O Bf5 10. Be2 Bxb1 11. Rxb1 e6 12. Qb3 Qe7 13. Rfe1 Rfc8 14. Bd3 Na5 15. Qd1 a6 16. Ne5 Nc6 17. Qf3 Nxe5 18. Bxe5 b5 19. Re2 Qd8 20. a4 bxa4 21. Ra1 Nd7 22. Bxg7 Kxg7 23. Rxa4 a5 24. Qf4 Nb6 25. Ra1 a4 26. h4 Qf6 27. Qxf6+ Kxf6 28. Ra3 Nc4 29. Bxc4 Rxc4 30. b4 Ke7 31. Kf1 Kd6 32. Ke1 Kc6 33. Kd2 Kb5 34. Re3 Rg8 35. Rf3 Rc7 36. g4 h5 37. g5 Ra8 38. Ke3 Kc6 39. Kf4 Kd6 40. Re3 1/2-1/2

[Event "Madrid-chT 2425"]
[Site "Madrid"]
[Date "2025.02.16"]
[Round "10.1"]
[White "Blanco Diez, David"]
[Black "Reyes Larena, Juan"]
[Result "1/2-1/2"]
[WhiteElo "2290"]
[BlackElo "2436"]
[PlyCount "22"]
[GameId "2154865535198055"]
[EventDate "2024.11.24"]
[EventType "team-tourn"]
[EventRounds "14"]
[EventCountry "ESP"]
[SourceVersionDate "2011.03.15"]
[WhiteTeam "Jaque Mate"]
[BlackTeam "San Sebastian de los Reyes"]
[WhiteTeamCountry "ESP"]
[BlackTeamCountry "ESP"]

1. d4 Nf6 2. c4 g6 3. Nc3 Bg7 4. e4 d6 5. h3 O-O 6. Nf3 Nc6 7. d5 Nb8 8. Be2 a5 9. Be3 Na6 10. O-O e6 11. Re1 Re8 1/2-1/2

[Event "Madrid-chT 2425"]
[Site "Madrid"]
[Date "2025.02.16"]
[Round "10.2"]
[White "Rottenwohrer Suarez, Juan"]
[Black "Torres Rebolledo, Alvaro"]
[Result "1/2-1/2"]
[WhiteElo "2347"]
[BlackElo "2266"]
[PlyCount "63"]
[GameId "2146525735317828"]
[EventDate "2024.11.24"]
[EventType "team-tourn"]
[EventRounds "14"]
[EventCountry "ESP"]
[SourceVersionDate "2011.03.15"]
[WhiteTeam "San Sebastian de los Reyes"]
[BlackTeam "Jaque Mate"]
[WhiteTeamCountry "ESP"]
[BlackTeamCountry "ESP"]

1. d4 Nf6 2. c4 e6 3. Nf3 d5 4. Nc3 a6 5. cxd5 exd5 6. Bg5 Be6 7. Bxf6 Qxf6 8. Qb3 Ra7 9. h4 h6 10. O-O-O Qd8 11. e4 c6 12. exd5 cxd5 13. Ne5 Be7 14. Qa4+ Nd7 15. Bb5 axb5 16. Qxa7 b4 17. Nb5 Nxe5 18. dxe5 O-O 19. Kb1 b3 20. Nd4 bxa2+ 21. Qxa2 Bc5 22. f4 Bxd4 23. Rxd4 b5 24. Qa6 Bf5+ 25. Ka2 Bc2 26. Rc1 Qb6 27. Ra4 Qe3 28. Rxc2 bxa4 29. Rc8 Qb3+ 30. Ka1 Rxc8 31. Qxc8+ Kh7 32. Qf5+ 1/2-1/2

[Event "Madrid-chT 2425"]
[Site "Madrid"]
[Date "2025.02.16"]
[Round "10.3"]
[White "Torres Rebolledo, Victor"]
[Black "San Emeterio Cabanes, Jose Luis"]
[Result "1/2-1/2"]
[WhiteElo "2146"]
[BlackElo "2300"]
[PlyCount "76"]
[GameId "2146539836490059"]
[EventDate "2024.11.24"]
[EventType "team-tourn"]
[EventRounds "14"]
[EventCountry "ESP"]
[SourceVersionDate "2011.03.15"]
[WhiteTeam "Jaque Mate"]
[BlackTeam "San Sebastian de los Reyes"]
[WhiteTeamCountry "ESP"]
[BlackTeamCountry "ESP"]

1. d4 g6 2. c4 Bg7 3. e4 d6 4. Nc3 Nd7 5. Be2 e5 6. d5 a5 7. h4 h5 8. Nh3 Nc5 9. Qc2 Bd7 10. Ng5 f6 11. Nh3 Bh6 12. f3 Qe7 13. Bd2 f5 14. Bg5 Nf6 15. Bxh6 Rxh6 16. Nf2 f4 17. O-O-O Nh7 18. Rdg1 g5 19. g3 fxg3 20. Rxg3 gxh4 21. Rg8+ Nf8 22. Qd2 Qf6 23. Rxh4 O-O-O 24. Qg5 Nh7 25. Rxd8+ Kxd8 26. Qxf6+ Nxf6 27. Ng4 Bxg4 28. fxg4 Ncxe4 29. Nxe4 Nxe4 30. gxh5 Ng3 31. Bf3 Ke7 32. Rg4 Nf5 33. Rg8 Kf6 34. Kd2 Rh7 35. Kd3 Ng7 36. Rf8+ Ke7 37. Rc8 Nxh5 38. Bxh5 Rxh5 1/2-1/2

[Event "Madrid-chT 2425"]
[Site "Madrid"]
[Date "2025.02.16"]
[Round "10.4"]
[White "Alfaya Marcelo, Roberto"]
[Black "Fernandez Estremera, Fernando"]
[Result "1-0"]
[WhiteElo "2225"]
[BlackElo "2139"]
[PlyCount "79"]
[GameId "2146559820776771"]
[EventDate "2024.11.24"]
[EventType "team-tourn"]
[EventRounds "14"]
[EventCountry "ESP"]
[SourceVersionDate "2011.03.15"]
[WhiteTeam "San Sebastian de los Reyes"]
[BlackTeam "Jaque Mate"]
[WhiteTeamCountry "ESP"]
[BlackTeamCountry "ESP"]

1. d4 d5 2. c4 dxc4 3. Nf3 Nf6 4. e3 Bg4 5. Bxc4 e6 6. O-O Nbd7 7. h3 Bh5 8. Be2 c5 9. Nc3 Be7 10. d5 exd5 11. Nxd5 O-O 12. Nf4 Bxf3 13. Bxf3 Qc7 14. Qc2 Ne5 15. Be2 c4 16. Rd1 Rfd8 17. Bd2 Rac8 18. Bc3 b5 19. Rxd8+ Rxd8 20. a4 b4 21. Bxe5 Qxe5 22. Bxc4 Bd6 23. g3 g5 24. Ng2 Bc5 25. Rc1 Bf8 26. b3 Kg7 27. Rd1 Rxd1+ 28. Qxd1 Bc5 29. Qf3 Bb6 30. h4 h6 31. hxg5 hxg5 32. Ne1 Qe7 33. Qf5 Ne4 34. Nd3 f6 35. Qd5 Kg6 36. Qg8+ Kf5 37. Be6+ Qxe6 38. Qh7+ Kg4 39. Kg2 Nxf2 40. Nxf2# 1-0

[Event "Madrid-chT 2425"]
[Site "Madrid"]
[Date "2025.02.16"]
[Round "10.5"]
[White "Serrano Ruiz, Miguel"]
[Black "Martinez Fernandez, Raul"]
[Result "1/2-1/2"]
[WhiteElo "2024"]
[BlackElo "2181"]
[PlyCount "89"]
[GameId "2146561923925322"]
[EventDate "2024.11.24"]
[EventType "team-tourn"]
[EventRounds "14"]
[EventCountry "ESP"]
[SourceVersionDate "2011.03.15"]
[WhiteTeam "Jaque Mate"]
[BlackTeam "San Sebastian de los Reyes"]
[WhiteTeamCountry "ESP"]
[BlackTeamCountry "ESP"]

1. e4 e5 2. Nf3 Nc6 3. Bc4 Nf6 4. d3 h6 5. a4 d6 6. h3 g5 7. c3 Bg7 8. Nbd2 O-O 9. g4 Ne7 10. Bb3 Ng6 11. Nc4 Re8 12. Ne3 Nf4 13. Nf5 Bxf5 14. gxf5 d5 15. Bxf4 gxf4 16. Qe2 c6 17. a5 b5 18. Nd2 Qd7 19. Ba2 b4 20. O-O Rab8 21. Nb3 Bf8 22. c4 dxc4 23. dxc4 Red8 24. Rad1 Qc7 25. Bb1 Rxd1 26. Rxd1 Rd8 27. Bc2 Rxd1+ 28. Qxd1 Kh7 29. Kg2 Nd7 30. Qh5 Nf6 31. Qd1 a6 32. c5 Nd7 33. Qh5 Kg8 34. Qg4+ Bg7 35. Qe2 Qa7 36. Qc4 Bf8 37. Qxb4 Nxc5 38. Qb6 Qe7 39. Nxc5 Qxc5 40. Qxc5 Bxc5 41. Bd3 Bb4 42. Bxa6 Bxa5 43. Bb7 c5 44. Bd5 Kf8 45. b3 1/2-1/2

[Event "Madrid-chT 2425"]
[Site "Madrid"]
[Date "2025.02.16"]
[Round "10.6"]
[White "Reyes Penas, Sebastian"]
[Black "Serrano Ruiz, Lope"]
[Result "1/2-1/2"]
[WhiteElo "2220"]
[BlackElo "2012"]
[PlyCount "163"]
[GameId "2146563125724497"]
[EventDate "2024.11.24"]
[EventType "team-tourn"]
[EventRounds "14"]
[EventCountry "ESP"]
[SourceVersionDate "2011.03.15"]
[WhiteTeam "San Sebastian de los Reyes"]
[BlackTeam "Jaque Mate"]
[WhiteTeamCountry "ESP"]
[BlackTeamCountry "ESP"]

1. Nf3 d5 2. g3 Nc6 3. Bg2 e5 4. d3 f6 5. O-O Be6 6. c3 Qd7 7. b4 O-O-O 8. Qa4 Kb8 9. b5 Nce7 10. e4 Nc8 11. Be3 h5 12. c4 dxe4 13. dxe4 Qd3 14. Rc1 Nh6 15. Ne1 Qd7 16. c5 Ng4 17. c6 Qf7 18. cxb7 Nb6 19. Bxb6 cxb6 20. h3 Nh6 21. Nc3 Qxb7 22. Nd5 Bxd5 23. exd5 Bd6 24. Rc6 Nf5 25. Qc4 Nd4 26. a4 Nxc6 27. bxc6 Qe7 28. a5 b5 29. Qxb5+ Ka8 30. Nc2 Rb8 31. Qa6 Rb3 32. Qc4 Rb2 33. Ne3 g6 34. c7 Qd7 35. Rc1 Rc8 36. Qc6+ Qxc6 37. Rxc6 Rxc7 38. Rxd6 Rc1+ 39. Kh2 Rxf2 40. Rd8+ Kb7 41. d6+ e4 42. Re8 Rd2 43. Rxe4 Kc8 44. Nc4 Rdc2 45. Re8+ Kd7 46. Re7+ Kd8 47. Ne3 Rd2 48. Rxa7 Rxd6 49. Nd5 Rc2 50. Ra8+ Kd7 51. Ne3 Ra2 52. h4 Rd3 53. Nc4 Rc3 54. Nb6+ Ke6 55. Nd5 Rxg2+ 56. Kxg2 Kxd5 57. a6 Rc7 58. Rb8 Kc6 59. Rf8 f5 60. Rf6+ Kd5 61. Rxg6 Rc2+ 62. Kf3 Ke5 63. Rb6 Rc3+ 64. Kf2 Ra3 65. Rh6 Ke4 66. Re6+ Kd5 67. Rg6 Ke4 68. Ke2 Ra2+ 69. Kd1 f4 70. gxf4 Kxf4 71. Kc1 Kf5 72. Kb1 Ra4 73. Rb6 Kg4 74. Kb2 Kxh4 75. Kb3 Ra1 76. Rb4+ Kg3 77. Ra4 Rb1+ 78. Kc4 Rb8 79. Ra5 h4 80. Rg5+ Kf3 81. Rh5 Kg3 82. Rg5+ 1/2-1/2

[Event "Madrid-chT 2425"]
[Site "Madrid"]
[Date "2025.02.22"]
[Round "11.2"]
[White "Pulvett Marin, Daniel Eduardo"]
[Black "Taboas Rodriguez, Daniel"]
[Result "1/2-1/2"]
[WhiteElo "2467"]
[BlackElo "2334"]
[PlyCount "31"]
[GameId "2148368042373203"]
[EventDate "2024.11.24"]
[EventType "team-tourn"]
[EventRounds "14"]
[EventCountry "ESP"]
[SourceVersionDate "2011.03.15"]
[WhiteTeam "Collado Villalba"]
[BlackTeam "Blanco y Negro"]
[WhiteTeamCountry "ESP"]
[BlackTeamCountry "ESP"]

1. d4 Nf6 2. c4 g6 3. Nc3 Bg7 4. e4 d6 5. Nf3 O-O 6. Be2 e5 7. O-O Nc6 8. Be3 Re8 9. dxe5 dxe5 10. h3 Be6 11. Re1 Nh5 12. Nd5 Nd4 13. Nxd4 exd4 14. Bxd4 Bxd4 15. Qxd4 c6 16. Bxh5 1/2-1/2

[Event "Madrid-chT 2425"]
[Site "Madrid"]
[Date "2025.02.22"]
[Round "11.3"]
[White "Pinto, Daniel"]
[Black "Suarez Uriel, Adrian"]
[Result "0-1"]
[WhiteElo "2331"]
[BlackElo "2396"]
[PlyCount "172"]
[GameId "2148369785098444"]
[EventDate "2024.11.24"]
[EventType "team-tourn"]
[EventRounds "14"]
[EventCountry "ESP"]
[SourceVersionDate "2011.03.15"]
[WhiteTeam "Blanco y Negro"]
[BlackTeam "Collado Villalba"]
[WhiteTeamCountry "ESP"]
[BlackTeamCountry "ESP"]

1. e4 c5 2. Nf3 d6 3. Bb5+ Nd7 4. c4 Ngf6 5. Nc3 g6 6. O-O Bg7 7. d3 O-O 8. Ba4 a6 9. h3 Rb8 10. Be3 Qc7 11. Qd2 Rd8 12. Bh6 Bh8 13. Ne1 e6 14. Nc2 b5 15. cxb5 Nb6 16. Bb3 d5 17. exd5 Nfxd5 18. Bg5 Rd7 19. Nxd5 Nxd5 20. Ne3 Nxe3 21. b6 Rxb6 22. Bxe3 Bb7 23. Rac1 Qc6 24. f3 Bd4 25. Rc4 Qd6 26. Bxd4 cxd4 27. Rfc1 Qg3 28. Rc5 Kg7 29. Rg5 Qd6 30. Rgc5 h6 31. Ba4 Rd8 32. b4 Qg3 33. Bd1 Rd5 34. a3 Rb5 35. Rxd5 Rxd5 36. Qf2 Qf4 37. Rc4 Re5 38. Be2 Re3 39. Rc5 h5 40. h4 Qd6 41. Bf1 Bc6 42. Qb2 Bb5 43. Qc2 Qd7 44. Rc7 Qd8 45. Ra7 Qxh4 46. a4 Be8 47. Rxa6 Qf4 48. Ra8 h4 49. Rxe8 h3 50. gxh3 Rxf3 51. Bg2 Qe3+ 52. Kh2 Qe5+ 53. Kg1 Qe1+ 54. Kh2 Qg3+ 55. Kg1 Re3 56. Qf2 Re1+ 57. Qxe1 Qxe1+ 58. Kh2 Qxb4 59. Ra8 Qd6+ 60. Kh1 Qg3 61. a5 Qxd3 62. a6 Kf6 63. Bb7 Qf1+ 64. Kh2 Qf2+ 65. Bg2 Qf4+ 66. Kh1 d3 67. a7 Qd4 68. Rd8 Qxa7 69. Rxd3 Ke5 70. Rg3 Qf2 71. Rf3 Qe1+ 72. Rf1 Qh4 73. Rxf7 g5 74. Rf3 Kd4 75. Ra3 Qe1+ 76. Kh2 Qb4 77. Ra8 e5 78. Rd8+ Ke3 79. Rg8 Kf2 80. Rc8 Qf4+ 81. Kh1 e4 82. Rc2+ Kg3 83. Kg1 Qe3+ 84. Kf1 Qd3+ 85. Re2 Qd1+ 86. Re1 Qxe1+ 0-1

[Event "Madrid-chT 2425"]
[Site "Madrid"]
[Date "2025.02.22"]
[Round "11.4"]
[White "Ruiz Buendia, Miguel"]
[Black "Hidalgo Duque, Carlos"]
[Result "0-1"]
[WhiteElo "2379"]
[BlackElo "2268"]
[PlyCount "128"]
[GameId "2148372226814163"]
[EventDate "2024.11.24"]
[EventType "team-tourn"]
[EventRounds "14"]
[EventCountry "ESP"]
[SourceVersionDate "2011.03.15"]
[WhiteTeam "Collado Villalba"]
[BlackTeam "Blanco y Negro"]
[WhiteTeamCountry "ESP"]
[BlackTeamCountry "ESP"]

1. e4 c5 2. Nf3 d6 3. d4 cxd4 4. Nxd4 Nf6 5. Nc3 a6 6. Rg1 e5 7. Nb3 Be6 8. g4 d5 9. exd5 Nxd5 10. Nxd5 Qxd5 11. Qxd5 Bxd5 12. Be3 Nc6 13. O-O-O O-O-O 14. Bb6 Rd6 15. g5 Nb4 16. Bc5 Rd8 17. Bb6 Rd6 18. Bc5 Rd8 19. Bh3+ Kc7 20. a3 Nc6 21. Bxf8 Rhxf8 22. Nc5 Bf3 23. Rxd8 Rxd8 24. c3 Rd5 25. Nb3 e4 26. Nd2 Ne5 27. Kc2 Bh5 28. Bg2 Bg6 29. Nxe4 Nc4 30. Kc1 Re5 31. Ng3 Rxg5 32. f4 Ra5 33. Re1 Nd6 34. Bh3 Kd8 35. Rd1 Ke7 36. Rxd6 Kxd6 37. f5 Kc7 38. fxg6 hxg6 39. Kd2 g5 40. Nf5 g6 41. Nd4 Re5 42. Nf3 Re8 43. Bf1 g4 44. Ng5 Rh8 45. h3 f6 46. Ne6+ Kd6 47. Nf4 g5 48. Ne2 gxh3 49. Ng3 Ke5 50. Ke3 f5 51. Nh1 g4 52. Nf2 f4+ 53. Kd3 Kf5 54. b4 h2 55. Nh1 Re8 56. Kd2 Ke4 57. Ke2 f3+ 58. Kf2 Kf4 59. Ng3 Rd8 60. Nh5+ Kg5 61. Ng3 Rd2+ 62. Ke3 Rg2 63. Ne4+ Kh4 64. Nf2 Rxf2 0-1

[Event "Madrid-chT 2425"]
[Site "Madrid"]
[Date "2025.02.22"]
[Round "11.5"]
[White "Alarcia Astiz, Carlos"]
[Black "Zhou Li, Lulu"]
[Result "1/2-1/2"]
[WhiteElo "2252"]
[BlackElo "2171"]
[PlyCount "78"]
[GameId "2148374798270684"]
[EventDate "2024.11.24"]
[EventType "team-tourn"]
[EventRounds "14"]
[EventCountry "ESP"]
[SourceVersionDate "2011.03.15"]
[WhiteTeam "Blanco y Negro"]
[BlackTeam "Collado Villalba"]
[WhiteTeamCountry "ESP"]
[BlackTeamCountry "ESP"]

1. e4 e5 2. Nf3 Nc6 3. Bc4 Bc5 4. O-O Nf6 5. d3 d6 6. c3 a6 7. Bb3 Ba7 8. Nbd2 O-O 9. Re1 Be6 10. Nf1 h6 11. Ng3 Re8 12. Bxe6 Rxe6 13. Nf5 Ng4 14. Rf1 d5 15. Qe2 Ne7 16. Nxe7+ Rxe7 17. Nh4 Nf6 18. Nf5 Re6 19. Qf3 Kh8 20. Re1 c6 21. h3 Qf8 22. Bd2 Rd8 23. Rad1 Ng8 24. Bc1 Ne7 25. Ne3 Ng6 26. exd5 Rf6 27. Qh5 Bxe3 28. fxe3 cxd5 29. Rf1 Rdd6 30. Rxf6 Rxf6 31. Rf1 Qd6 32. Rxf6 Qxf6 33. Qg4 b5 34. Qd7 Ne7 35. b3 Qe6 36. Qxe6 fxe6 37. e4 Nc6 38. Ba3 d4 39. c4 b4 1/2-1/2

[Event "Madrid-chT 2425"]
[Site "Madrid"]
[Date "2025.02.22"]
[Round "11.6"]
[White "Centeno Mendoza, Julio Stefano"]
[Black "Renteria Becerra, Jorge Elicer"]
[Result "0-1"]
[WhiteElo "2133"]
[BlackElo "2199"]
[PlyCount "98"]
[GameId "2148378936377574"]
[EventDate "2024.11.24"]
[EventType "team-tourn"]
[EventRounds "14"]
[EventCountry "ESP"]
[SourceVersionDate "2011.03.15"]
[WhiteTeam "Collado Villalba"]
[BlackTeam "Blanco y Negro"]
[WhiteTeamCountry "ESP"]
[BlackTeamCountry "ESP"]

1. e4 c5 2. c3 Nf6 3. e5 Nd5 4. Bc4 Nb6 5. Bb3 c4 6. Bc2 Nc6 7. Nf3 d6 8. exd6 Qxd6 9. O-O Bg4 10. h3 Bh5 11. Re1 O-O-O 12. Na3 Qf6 13. b3 Nd5 14. Nxc4 Nxc3 15. Bb2 Nxd1 16. Bxf6 Nxf2 17. Bf5+ Kb8 18. Be5+ Nxe5 19. Ncxe5 e6 20. Kxf2 exf5 21. d4 f6 22. Nc4 Bb4 23. Re3 b5 24. a3 f4 25. Re6 Bf7 26. Re2 Bc3 27. Rc1 bxc4 28. Rxc3 cxb3 29. Nd2 Rc8 30. Rc5 Rxc5 31. dxc5 Rc8 32. Nxb3 Bxb3 33. Rb2 Rxc5 34. Rxb3+ Kc7 35. Kf3 g5 36. h4 h5 37. Rd3 Re5 38. Rc3+ Kd6 39. Kf2 Ra5 40. Rh3 g4 41. Rb3 Ke5 42. Rb4 g3+ 43. Ke2 Rxa3 44. Rb5+ Ke4 45. Rb4+ Kf5 46. Rb5+ Kg4 47. Kf1 Kxh4 48. Rf5 Kg4 49. Rxf6 f3 0-1

[Event "Madrid-chT 2425"]
[Site "Madrid"]
[Date "2025.02.22"]
[Round "11.1"]
[White "Quispe Arteaga, Gabriel"]
[Black "Elissalt Cardenas, Hector"]
[Result "1/2-1/2"]
[WhiteElo "2406"]
[BlackElo "2310"]
[PlyCount "66"]
[GameId "2148381817247779"]
[EventDate "2024.11.24"]
[EventType "team-tourn"]
[EventRounds "14"]
[EventCountry "ESP"]
[SourceVersionDate "2011.03.15"]
[WhiteTeam "Villalba 64"]
[BlackTeam "Tajamar"]
[WhiteTeamCountry "ESP"]
[BlackTeamCountry "ESP"]

1. e4 d6 2. d4 Nf6 3. Nc3 e5 4. dxe5 dxe5 5. Qxd8+ Kxd8 6. Bc4 Be6 7. Bxe6 fxe6 8. f3 Bd6 9. Be3 a6 10. O-O-O Ke7 11. h4 Nbd7 12. h5 h6 13. Nge2 Bc5 14. Bd2 b5 15. Kb1 Bd6 16. Nc1 c5 17. N3e2 c4 18. Ba5 Nb8 19. Be1 Bc5 20. b4 Be3 21. Bd2 Bxd2 22. Rxd2 Nc6 23. c3 a5 24. a3 axb4 25. axb4 Rhd8 26. Rxd8 Rxd8 27. Kc2 Ra8 28. Ng3 Ra7 29. Kb2 Nb8 30. Nce2 Nbd7 31. Nc1 Nb6 32. Kc2 Nbd7 33. Kb2 Nb6 1/2-1/2

[Event "Madrid-chT 2425"]
[Site "Madrid"]
[Date "2025.02.22"]
[Round "11.2"]
[White "Abbasifar, Hasan"]
[Black "Ubilava, Elizbar"]
[Result "0-1"]
[WhiteElo "2308"]
[BlackElo "2399"]
[PlyCount "142"]
[GameId "2148385524041783"]
[EventDate "2024.11.24"]
[EventType "team-tourn"]
[EventRounds "14"]
[EventCountry "ESP"]
[SourceVersionDate "2011.03.15"]
[WhiteTeam "Tajamar"]
[BlackTeam "Villalba 64"]
[WhiteTeamCountry "ESP"]
[BlackTeamCountry "ESP"]

1. e4 c5 2. Nf3 d6 3. d4 cxd4 4. Nxd4 Nf6 5. Nc3 Nc6 6. Be2 e5 7. Nb3 Be7 8. O-O O-O 9. Be3 Be6 10. Bf3 a5 11. Nd5 Bxd5 12. exd5 Nb8 13. c4 Na6 14. Qd3 b6 15. Rfd1 Nd7 16. Be4 g6 17. Bh6 f5 18. Bxf8 Qxf8 19. Qh3 a4 20. Nd2 Ndc5 21. Bc2 e4 22. Rab1 Bf6 23. a3 Qg7 24. b4 axb3 25. Nxb3 Na4 26. Nd4 Bxd4 27. Bxa4 Bc5 28. Bc2 Nb8 29. Rb3 Nd7 30. Qc3 Ne5 31. h3 Ra4 32. Kf1 Rxc4 33. Qd2 f4 34. Qe2 f3 35. gxf3 exf3 36. Rxf3 Rxc2 37. Qxc2 Nxf3 38. Qe4 Qf6 39. Qe6+ Qxe6 40. dxe6 Kf8 41. a4 Ke7 42. Ra1 Ng5 43. h4 Nf3 44. h5 gxh5 45. a5 bxa5 46. Rxa5 Kxe6 47. Kg2 Ne5 48. f4 Ng4 49. Kf3 Kf5 50. Rb5 Nf6 51. Rb1 d5 52. Rd1 Bd6 53. Rd4 h4 54. Ra4 h3 55. Kg3 Nh5+ 56. Kxh3 Nxf4+ 57. Kg3 Be5 58. Kf3 h5 59. Ra7 h4 60. Rf7+ Bf6 61. Ra7 d4 62. Rd7 Ng6 63. Kf2 Be5 64. Rh7 Kg4 65. Rd7 h3 66. Kg1 Kf3 67. Rh7 Nf4 68. Kf1 d3 69. Rd7 Ke3 70. Kg1 d2 71. Kf1 Nd3 0-1

[Event "Madrid-chT 2425"]
[Site "Madrid"]
[Date "2025.02.22"]
[Round "11.3"]
[White "Martinez Conde Hernandez, Carlos"]
[Black "Mkrtchyan, Levon"]
[Result "1/2-1/2"]
[WhiteElo "2253"]
[BlackElo "2196"]
[PlyCount "64"]
[GameId "2154865535202153"]
[EventDate "2024.11.24"]
[EventType "team-tourn"]
[EventRounds "14"]
[EventCountry "ESP"]
[SourceVersionDate "2011.03.15"]
[WhiteTeam "Villalba 64"]
[BlackTeam "Tajamar"]
[WhiteTeamCountry "ESP"]
[BlackTeamCountry "ESP"]

1. e4 e6 2. d4 d5 3. Nc3 Bb4 4. e5 c5 5. a3 Ba5 6. dxc5 Bxc3+ 7. bxc3 Qc7 8. Nf3 Nd7 9. Be3 Nxc5 10. Qd4 Ne4 11. c4 Qa5+ 12. Nd2 Ne7 13. cxd5 Nxd2 14. Bxd2 Qxd5 15. Qxd5 Nxd5 16. Rb1 O-O 17. Be2 Nb6 18. c4 Bd7 19. c5 Na4 20. Rxb7 Nxc5 21. Rc7 Rfc8 22. Rxc8+ Rxc8 23. O-O Na4 24. Be3 Nc3 25. Ba6 Rc7 26. h3 h6 27. Rc1 Nd5 28. Rxc7 Nxc7 29. Bb7 a5 30. Bb6 Nb5 31. a4 Nc3 32. Bxa5 Nxa4 1/2-1/2

[Event "Madrid-chT 2425"]
[Site "Madrid"]
[Date "2025.02.22"]
[Round "11.4"]
[White "Rodriguez Avila, Alvaro"]
[Black "Lopez del Alamo, Antonio"]
[Result "0-1"]
[WhiteElo "2260"]
[BlackElo "2148"]
[PlyCount "136"]
[GameId "2148407238717609"]
[EventDate "2024.11.24"]
[EventType "team-tourn"]
[EventRounds "14"]
[EventCountry "ESP"]
[SourceVersionDate "2011.03.15"]
[WhiteTeam "Tajamar"]
[BlackTeam "Villalba 64"]
[WhiteTeamCountry "ESP"]
[BlackTeamCountry "ESP"]

1. e4 c5 2. Nf3 Nc6 3. Bb5 g6 4. O-O Bg7 5. Re1 e5 6. c3 Nge7 7. d4 exd4 8. cxd4 Nxd4 9. Nxd4 cxd4 10. Bg5 h6 11. Bh4 g5 12. Bg3 Qb6 13. Na3 O-O 14. Qa4 a6 15. Bf1 d5 16. exd5 Nxd5 17. Nc4 Qa7 18. Ne5 Be6 19. Rad1 b5 20. Qxd4 Qxd4 21. Rxd4 Ne7 22. Rd6 Nf5 23. Rb6 Nxg3 24. hxg3 Bxa2 25. Ra1 Be6 26. f4 Rfd8 27. Raxa6 Rxa6 28. Rxa6 Bxe5 29. fxe5 b4 30. Rd6 Rc8 31. Bd3 Rc5 32. Rb6 Rd5 33. Bf1 Rd4 34. Rd6 Re4 35. Kf2 Rxe5 36. Be2 Ra5 37. Ke3 Kg7 38. Rd4 b3 39. Rd2 Kf6 40. Bf3 Ke5 41. Kd3 Rc5 42. Re2+ Kd6 43. Rd2 Rc1 44. Ke4+ Ke7 45. Bd1 Rc4+ 46. Ke3 Rc5 47. Rd3 Rb5 48. Bf3 f5 49. Kd4 Kf6 50. Re3 Rb8 51. Rc3 Rd8+ 52. Ke3 Rd6 53. Rc5 Ra6 54. Kd2 g4 55. Bb7 Rb6 56. Ba8 Kg5 57. Kc3 Rd6 58. Rc6 Rxc6+ 59. Bxc6 f4 60. gxf4+ Kxf4 61. Kd4 h5 62. Bb7 h4 63. Ba8 Bf5 64. Bd5 Bc2 65. Ba8 Bd1 66. Kd3 h3 67. gxh3 gxh3 68. Bd5 h2 0-1

[Event "Madrid-chT 2425"]
[Site "Madrid"]
[Date "2025.02.22"]
[Round "11.5"]
[White "Gutierrez Diaz, Pablo"]
[Black "Rodriguez Lopez, David"]
[Result "0-1"]
[WhiteElo "1994"]
[BlackElo "2179"]
[PlyCount "162"]
[GameId "2148409172517050"]
[EventDate "2024.11.24"]
[EventType "team-tourn"]
[EventRounds "14"]
[EventCountry "ESP"]
[SourceVersionDate "2011.03.15"]
[WhiteTeam "Villalba 64"]
[BlackTeam "Tajamar"]
[WhiteTeamCountry "ESP"]
[BlackTeamCountry "ESP"]

1. e4 e5 2. Nf3 Nc6 3. d4 exd4 4. Nxd4 Nf6 5. Nxc6 bxc6 6. e5 Qe7 7. Qe2 Nd5 8. g3 g6 9. Bg2 Bg7 10. O-O O-O 11. Re1 Re8 12. c4 Ba6 13. Na3 Bxe5 14. Qd1 Nb6 15. Bf4 Qf6 16. Bxe5 Rxe5 17. Qc2 Rae8 18. Rxe5 Qxe5 19. Rd1 d5 20. cxd5 cxd5 21. Rc1 c6 22. Nb1 Qf6 23. Nc3 Kg7 24. Qb3 Bc4 25. Qa3 Qe7 26. Qa5 Bd3 27. Nxd5 Nxd5 28. Bxd5 cxd5 29. Qc3+ Qe5 30. Qxd3 Qxb2 31. Rc7 Qxa2 32. Qd4+ Kg8 33. Rxa7 Qc4 34. Qxc4 dxc4 35. Kf1 Rb8 36. Ra2 Kg7 37. Ke2 Kf6 38. Ke3 Rc8 39. Kd4 Kg5 40. f3 f5 41. Kc3 Rc5 42. Kd4 Rc6 43. Kc3 Rc7 44. Ra5 Re7 45. Kd4 Re2 46. h4+ Kh6 47. g4 fxg4 48. fxg4 Rg2 49. Kxc4 Rxg4+ 50. Kd3 Rxh4 51. Ke3 g5 52. Kf3 Kh5 53. Ra1 Rh3+ 54. Kg2 Rb3 55. Rh1+ Kg6 56. Ra1 h6 57. Rc1 Re3 58. Kf2 Ra3 59. Kg2 g4 60. Rc5 h5 61. Rb5 Rf3 62. Ra5 Rf5 63. Ra2 Kg5 64. Ra1 Rb5 65. Ra2 h4 66. Rc2 h3+ 67. Kf2 Kh4 68. Rc4 Rb2+ 69. Kg1 Rb3 70. Kh2 Rf3 71. Ra4 Rf2+ 72. Kg1 Re2 73. Ra7 Kg3 74. Ra3+ Kf4 75. Ra7 Kf3 76. Rf7+ Kg3 77. Rf1 Re4 78. Rb1 Kh4 79. Rb7 Ra4 80. Rb2 Ra1+ 81. Kf2 h2 0-1

[Event "Madrid-chT 2425"]
[Site "Madrid"]
[Date "2025.02.22"]
[Round "11.6"]
[White "Lazaro Azcutia, Miguel"]
[Black "Alsina Lopez, Adolfo"]
[Result "1-0"]
[WhiteElo "2214"]
[BlackElo "1976"]
[PlyCount "121"]
[GameId "2148414273610196"]
[EventDate "2024.11.24"]
[EventType "team-tourn"]
[EventRounds "14"]
[EventCountry "ESP"]
[SourceVersionDate "2011.03.15"]
[WhiteTeam "Tajamar"]
[BlackTeam "Villalba 64"]
[WhiteTeamCountry "ESP"]
[BlackTeamCountry "ESP"]

1. e4 c5 2. Nf3 Nc6 3. d4 cxd4 4. Nxd4 Nf6 5. Nc3 e5 6. Ndb5 d6 7. Bg5 a6 8. Na3 b5 9. Nd5 Be7 10. Bxf6 Bxf6 11. c3 O-O 12. Nc2 Rb8 13. h4 g6 14. g3 Be6 15. Bh3 Bg7 16. Kf1 Qd7 17. Kg2 a5 18. Qd3 Ne7 19. Nxe7+ Qxe7 20. Bxe6 fxe6 21. Rad1 Qf7 22. Qe2 d5 23. h5 b4 24. h6 Bf6 25. c4 b3 26. axb3 Rxb3 27. exd5 Rxb2 28. d6 Qb7+ 29. Kh3 Qb3 30. Rd2 Qc3 31. Rhd1 Bg5 32. Ne3 Rb7 33. d7 Bd8 34. Ng4 Rf5 35. Qe4 Rc7 36. Rc2 Qb4 37. Kg2 Qc5 38. Qa8 Rf8 39. Qe4 Rf5 40. Rb2 Qxc4 41. Qxc4 Rxc4 42. Rb8 Rf8 43. Nxe5 Rc7 44. Kh3 Rc5 45. f4 g5 46. Rc8 Rc7 47. Nc6 Rxc6 48. Rxc6 Kf7 49. fxg5 Rg8 50. Rc5 Ke7 51. Kg4 Rg6 52. Rc8 Rg8 53. Kh5 Rg6 54. Rb8 Rg8 55. Rc1 a4 56. Ra8 Kd6 57. Rd1+ Kc7 58. g6 hxg6+ 59. Kg4 Kb7 60. h7 Rh8 61. Rxd8 1-0